000 00491nam a2200181Ia 4500
005 20250326123934.0
008 250326s9999 xx 000 0 und d
037 _aTextbook
040 _aFMSL
_beng
_cFMSL
041 _aeng
_2eng
084 _aT:51 K6
_qFMSL
100 _aOppenheim A N
245 0 _aQuestionnaire desigd attitude measurement
_cOppenheim A N
260 _aNY
_bNY, Basic Books
_c1966
300 _a298p
942 _cTB
_hT:51 K6
999 _c1271571
_d1271571